000 00690nam a22001937a 4500
999 _c165539
_d165539
005 20190621144518.0
010 _aENG-125702
020 _a9780199485652
_c750.00
035 _aEN-109234
037 _bDBAD/PUB
082 _a658.402
100 _aKhandelwal, Anil K.
245 _aCEO chess master of gardener ?
_cAnil K. Khandelwal
_bhow game-changing HR reforms created a new future for bank of baroda / /
260 _aNew Delhi
_bOxford university press
_c2018
270 _a2/11, Ground Floor, Ansai Road, Daryaganj
_bNew Delhi
_e110002
300 _a358p.
_c23cm(Hb)
500 _aIncludes bibliographical references and index
942 _2ddc
_cEN
_h658.402
_mKHA